IFM Opac

Auditing (Record no. 20201)

MARC details
000 -LEADER
fixed length control field 00296nam a22001337a 4500
020 ## - INTERNATIONAL STANDARD BOOK NUMBER
International Standard Book Number 0582296536
082 ## - DEWEY DECIMAL CLASSIFICATION NUMBER
Classification number 657.45 PRA
100 ## - MAIN ENTRY--PERSONAL NAME
Personal name Michael J. P.
9 (RLIN) 5692
245 ## - TITLE STATEMENT
Title Auditing
260 ## - PUBLICATION, DISTRIBUTION, ETC.
Place of publication, distribution, etc. London
Name of publisher, distributor, etc. Longman
Date of publication, distribution, etc. 1983
300 ## - PHYSICAL DESCRIPTION
Extent x, 508
Other physical details ; ill. : 22cm
500 ## - GENERAL NOTE
General note Includes index
942 ## - ADDED ENTRY ELEMENTS (KOHA)
Koha item type Books
Holdings
Withdrawn status Lost status Damaged status Not for loan Collection code Home library Current library Shelving location Date acquired Total Checkouts Full call number Barcode Date last seen Price effective from Koha item type
        Non-fiction IFM Main Campus Library IFM Main Campus Library Archival Collection 09/20/2021   657.45 PRA 0000004334 09/12/2018 02/19/2022 Books